000 00299nam a22001217a 4500
082 _a894.812
_bSRE/M
100 _aS.SRINIVASAN
245 _aMOTORCAR MECHANISM
260 _aTHIRUVANANTHAPURAM
_bPRABHATH BOOK HOUSE
_c1980
300 _a154
650 _aBASICS OF RUNNING A MACHINE
_zKERALA
942 _cBK
999 _c976
_d976